| 000 | 01156nam a2200289 i 4500 | ||
|---|---|---|---|
| 001 | 106499 | ||
| 003 | ES-MaACL | ||
| 005 | 20231226204141.0 | ||
| 007 | t| | ||
| 008 | 061128s1963 sp |||| | spa d | ||
| 080 | _a821.134.2 Panero, Leopoldo | ||
| 100 | 1 |
_aGarcía Nieto, José, _d1914-2001 _955029 |
|
| 245 | 1 | 3 |
_aLa poesía de Leopoldo Panero / _cJosé García Nieto. |
| 260 |
_aMadrid : _bAteneo : _bEditora Nacional, _c1963. |
||
| 300 |
_a30 p. ; _c20 cm. |
||
| 490 | 1 |
_aColección Ateneo ; _v8 |
|
| 594 | _aConferencia pronunciada en el Ateneo de Madrid el 24 de abril de 1963. | ||
| 598 | _aEn verso de anteport.: Esta colección la publica Editora Nacional. | ||
| 600 | 1 | 4 |
_aPanero, Leopoldo, _d1909-1962 _988766 |
| 610 | 2 | 7 |
_aAteneo de Madrid- _vConferencias- _y1940-1982. _91908 |
| 710 | 2 |
_aAteneo de Madrid. _91875 |
|
| 830 | 0 |
_aColección Ateneo ; _v8 _9180032 |
|
| 852 |
_aES-MaACL _j2210-F-14 |
||
| 852 |
_aES-MaACL _jA-6237 (8) _xOlim P-512-bis _z- En lomo: Vols. 1-11 |
||
| 852 |
_aES-MaACL _jP-211-Ter-1-8 _z.- En lomo: Vols. 1-11 |
||
| 999 |
_c106499 _d106499 |
||